000 00475nam a22002057a 4500
001 25476
005 20260420171436.0
008 260420b |||||||| |||| 00| 0 spa d
041 _aESP
082 _aGB 823.91
_bH97
100 _aHuxley, Aldous
245 _aUn mundo felíz = Brave new world
260 _a :
_b ,
_c2013
300 _a000 páginas :
_b ;
_c00 cm.
440 _a ;
650 _aLYR
654 _aCHU
700 _a;
942 _cLIB
_dJUS
_fJUS
_n0
_2ddc
999 _c25476
_d25476